| 000 | 005220000a22001810004500 | ||
|---|---|---|---|
| 003 | MACL | ||
| 005 | 20160526113056.0 | ||
| 008 | 160526b xxu||||| |||| 00| 0 eng d | ||
| 040 |
_aMACL _cMACL |
||
| 041 | _aHindi | ||
| 082 | _a891.433 BAS | ||
| 100 |
_aबसु, समरेश _944774 |
||
| 245 |
_aअपदार्थ _cसमरेश बसु |
||
| 260 |
_bगंगा प्रकाशन _c2001 _aनई दिल्ली |
||
| 350 | _a100 | ||
| 650 |
_aNovel _959621 |
||
| 942 |
_cHIN _k800/BAS/N _2ddc |
||
| 999 |
_c10719 _d10719 |
||